Wirtschaft und Politik in Japan : Interessengruppen, polit. Meinungsbildung u. wirtschaftspolit. Entscheidungen: With an Engl. summary

সংরক্ষণ করুন:
গ্রন্থ-পঞ্জীর বিবরন
প্রধান লেখক: Kevenhorster, Paul
বিন্যাস: গ্রন্থ
ভাষা:Undetermined
প্রকাশিত: Wiesbaden Harrassowitz 1973
ট্যাগগুলো: ট্যাগ যুক্ত করুন
কোনো ট্যাগ নেই, প্রথমজন হিসাবে ট্যাগ করুন!
Thư viện lưu trữ: Trung tâm Học liệu Trường Đại học Cần Thơ
LEADER 00566nam a2200181Ia 4500
001 CTU_99661
008 210402s9999 xx 000 0 und d
082 |a 338.951 
082 |b K43 
100 |a Kevenhorster, Paul 
245 0 |a Wirtschaft und Politik in Japan : 
245 0 |b Interessengruppen, polit. Meinungsbildung u. wirtschaftspolit. Entscheidungen: With an Engl. summary 
245 0 |c Von Paul Kevenhorster 
260 |a Wiesbaden 
260 |b Harrassowitz 
260 |c 1973 
904 |i Năm 
980 |a Trung tâm Học liệu Trường Đại học Cần Thơ